Strategia gospodarowania majatkiem trwalym w przedsiebiorstwie Praca zbiorowa

Gespeichert in:
Bibliographische Detailangaben
Weitere Verfasser: Rokita, Jerzeg
Format: Buch
Sprache:Polnisch
Veröffentlicht: Katowice Akademia Ekon. im. Karola Adamieckiego 1990
Ausgabe:1. wyd.
Tags: Tag hinzufügen
Keine Tags, Fügen Sie das erste Tag hinzu!

MARC

LEADER 00000nam a2200000 4500
001 c022144
005 20221206122725.6
041 0 |a pol 
044 |a PL 
245 1 0 |a Strategia gospodarowania majatkiem trwalym w przedsiebiorstwie  |b Praca zbiorowa  |c Red. Jerzeg Rokita 
250 |a 1. wyd. 
264 1 |a Katowice  |b Akademia Ekon. im. Karola Adamieckiego  |c 1990 
300 |a 254 s. 
700 1 |a Rokita, Jerzeg